Statistics for Biggest cities of Luxembourg at its greatest Extent

Click here to take the quiz!

General Stats

  • This quiz has been taken 4 times
  • The average score is 12 of 24

Answer Stats

#CountryPopulationCity% Correct
1🇱🇺128.494Lëtzebuerg
100%
5🇧🇪28.023Arel
50%
16🇱🇺11.405Beetebuerg
50%
13🇩🇪15.000Béibreg
50%
4🇱🇺28.641Déifferdeng
50%
6🇱🇺21.583Diddeleng
50%
2🇫🇷40.778Diddenuewen
50%
17🇧🇪11.186Durbuy
50%
11🇧🇪15.858Éibeng
50%
3🇱🇺36.177Esch-Uelzecht
50%
10🇱🇺15.885Hesper
50%
19🇱🇺10.775Käerjeng
50%
20🇧🇪10.488Libramont-Chevigny
50%
21🇱🇺10.473Mamer
50%
9🇧🇪17.418Marche-en-Famenne
50%
24🇱🇺10.167Miersch
50%
7🇱🇺20.408Péiteng
50%
18🇱🇺11.141Schëffleng
50%
14🇩🇪12.500Schleiden
50%
23🇱🇺10.320Stroossen
50%
8🇱🇺17.949Suessem
50%
15🇧🇪11.587Virton
50%
12🇧🇪15.059Baaschtnech
25%
22🇫🇷10.360Guénange
25%

Score Distribution

Percentile by Number Answered

Percent of People with Each Score

Your Score History

You have not taken this quiz